Climate and building in Britain: a review of meteorological information suitable for use in the planning design, construction and operations of building (Record no. 85590)

MARC details
000 -LEADER
fixed length control field 00558cam a2200181 4500
001 - CONTROL NUMBER
control field D6424
008 - FIXED-LENGTH DATA ELEMENTS--GENERAL INFORMATION
fixed length control field 090401t1977 xxu||||| |||| 00| 0 eng d
035 ## - SYSTEM CONTROL NUMBER
System control number (Sirsi) u768
041 ## - LANGUAGE CODE
Language code of text/sound track or separate title eng
050 ## - LIBRARY OF CONGRESS CALL NUMBER
Classification number 551.5
100 ## - MAIN ENTRY--PERSONAL NAME
Personal name Lacy, R.E.
245 ## - TITLE STATEMENT
Title Climate and building in Britain: a review of meteorological information suitable for use in the planning design, construction and operations of building
260 ## - PUBLICATION, DISTRIBUTION, ETC.
Place of publication, distribution, etc. Garston
Name of publisher, distributor, etc. Building Research Establishment
Date of publication, distribution, etc. 1977
300 ## - PHYSICAL DESCRIPTION
Extent xvii. 185p. ill. 30cm
350 ## - PRICE (NR) (BK AM CF MU VM SE) [OBSOLETE]
Price 15
942 ## - ADDED ENTRY ELEMENTS (KOHA)
Suppress in OPAC 0
948 ## - LOCAL PROCESSING INFORMATION (OCLC); SERIES PART DESIGNATOR (RLIN)
c (OCLC) 04/03/1997
Holdings
Withdrawn status Lost status Source of classification or shelving scheme Damaged status Not for loan Home library Current library Shelving location Date acquired Cost, normal purchase price Total Checkouts Full call number Barcode Date last seen Copy number Cost, replacement price Price effective from Koha item type
    Dewey Decimal Classification     London London Folio 14/09/1999 15.00   F551.5 30004206 18/03/2024 1 15.00 06/08/2019 Book